export_success — 

Matériaux pour l'histoire.

Saved in:
Bibliographic Details
Format: Serial
Language:French
Published: Paris : Ecole des chartes, 1996-
Tags: Add Tag
No Tags, Be the first to tag this record!
LEADER 00353nas a22001455u 4500
001 007308239-2
005 20020606163548.3
008 961212c19969999fr || m|| |||||||fre|d
022 |a 1158-6060 
035 0 |a ocn235979711 
245 0 0 |a Matériaux pour l'histoire. 
260 |a Paris :  |b Ecole des chartes,  |c 1996- 
899 |a 415_565960 
988 |a 20020608 
906 |0 MH